[Event "LSS RB-2009-0-00048"]
[Site "LSS email"]
[Date "2009.05.06"]
[Round "?"]
[White "Fortunato, Lorenzo"]
[Black "Da Silva Filho, Alcindo Luz Bastos"]
[Result "1-0"]
[WhiteElo "1981"]
[BlackElo "1967"]
[PlyCount "95"]
[EventDate "2009.03.17"]
[EventType "tourn (corr)"]
[EventRounds "6"]
[EventCountry "GER"]
[SourceTitle "Corr 2011"]
[Source "ChessBase"]
[SourceDate "2010.08.31"]
[SourceVersion "1"]
[SourceVersionDate "2010.08.31"]
[SourceQuality "1"]

1. e4 c5 2. Nc3 Nc6 3. g3 g6 4. Bg2 Bg7 5. d3 d6 6. Be3 Rb8 7. Qd2 b5 8. Nge2 Nd4 9. 0-0 e6 10. Nc1 Nf6 11. a4 bxa4 12. Nxa4 0-0 13. Ne2 e5 14. Nxd4 cxd4 15. Bg5 Bd7 16. b3 Qc7 17. Nb2 h6 18. Bxf6 Bxf6 19. Nc4 Kg7 20. Qa5 Rb7 21. Qxc7 Rxc7 22. Ra2 Rb8 23. Rfa1 Be6 24. Nxd6 Be7 25. Nc4 Bxc4 26. bxc4 Rbb7 27. f4 Bb4 28. Ra6 Bc3 29. R1a2 exf4 30. gxf4 Bd2 31. f5 Rb6 32. fxg6 Be3+ 33. Kf1 Rxg6 34. h3 Re7 35. Rxg6+ fxg6 36. Ke2 Bg5 37. Ra4 Kf7 38. c5 Rc7 39. Rc4 Ke6 40. c3 dxc3 41. d4 Bd2 42. e5 Rf7 43. c6 Rc7 44. Kd3 Kf5 45. Be4+ Kf4 46. e6 c2 47. Kxd2 Kxe4 48. e7 1-0

[Event "LSS RB-2009-0-00048"]
[Site "LSS email"]
[Date "2009.05.06"]
[Round "?"]
[White "Laczay, Istvan"]
[Black "Da Silva Filho, Alcindo Luz Bastos"]
[Result "1/2-1/2"]
[WhiteElo "1835"]
[BlackElo "1977"]
[PlyCount "94"]
[EventDate "2009.03.17"]
[EventType "tourn (corr)"]
[EventRounds "6"]
[EventCountry "GER"]
[SourceTitle "Corr 2011"]
[Source "ChessBase"]
[SourceDate "2010.08.31"]
[SourceVersion "1"]
[SourceVersionDate "2010.08.31"]
[SourceQuality "1"]

1. d4 f5 2. c4 e6 3. Nc3 Nf6 4. Qc2 Bb4 5. e3 0-0 6. Bd3 d6 7. Nge2 c5 8. d5 Bxc3+ 9. Nxc3 exd5 10. cxd5 Ng4 11. 0-0 Na6 12. Bxa6 bxa6 13. f3 Ne5 14. Ne2 Bd7 15. b3 Qe7 16. Ng3 c4 17. Bb2 cxb3 18. axb3 Bb5 19. Rfd1 Rac8 20. Qd2 Nd3 21. Bd4 f4 22. exf4 Nxf4 23. Bf2 Rce8 24. Ne4 Qf7 25. Bg3 Ne2+ 26. Kh1 Qh5 27. Qg5 Qxg5 28. Nxg5 Nc3 29. Rd4 Ne2 30. Rd2 Nxg3+ 31. hxg3 Re3 32. Ne4 Rd8 33. b4 Rb3 34. Rd4 Rd3 35. Rxd3 Bxd3 36. Nf2 Bc4 37. Rd1 Kf8 38. Ne4 Ke7 39. Rd4 Rc8 40. Kh2 Kd7 41. g4 Bb3 42. Rd3 Ba2 43. Kg3 h6 44. Kf4 Rb8 45. Rd4 Rf8+ 46. Ke3 Rc8 47. g3 Bb1 1/2-1/2

[Event "LSS SB-2009-0-00049"]
[Site "LSS email"]
[Date "2009.05.01"]
[Round "?"]
[White "Weiss, Lester P"]
[Black "Da Silva Filho, Alcindo Luz Bastos"]
[Result "1/2-1/2"]
[WhiteElo "1977"]
[BlackElo "1977"]
[PlyCount "60"]
[EventDate "2009.03.14"]
[EventType "tourn (corr)"]
[EventRounds "6"]
[EventCountry "GER"]
[SourceTitle "Corr 2011"]
[Source "ChessBase"]
[SourceDate "2010.08.31"]
[SourceVersion "1"]
[SourceVersionDate "2010.08.31"]
[SourceQuality "1"]

1. e4 d5 2. exd5 Qxd5 3. Nc3 Qa5 4. d4 c6 5. Nf3 Nf6 6. Bc4 Bf5 7. Bd2 e6 8. Nd5 Qd8 9. Nxf6+ gxf6 10. Bb3 Nd7 11. Qe2 Qc7 12. Nh4 Bg6 13. 0-0-0 0-0-0 14. g3 Bd6 15. Ng2 c5 16. d5 c4 17. Qxc4 Qxc4 18. Bxc4 Be4 19. Rhg1 Ne5 20. Be2 Nf3 21. Bxf3 Bxf3 22. Rde1 Bxd5 23. Ne3 Bf3 24. Bc3 e5 25. g4 Bc6 26. a3 h6 27. Rg3 Bc5 28. Rh3 Kb8 29. Rd1 Rxd1+ 30. Kxd1 Kc7 1/2-1/2

[Event "LSS SB-2009-0-00049"]
[Site "LSS email"]
[Date "2009.04.30"]
[Round "?"]
[White "Da Silva Filho, Alcindo Luz Bastos"]
[Black "Timkin, Nikolay"]
[Result "1-0"]
[WhiteElo "1967"]
[BlackElo "1927"]
[PlyCount "61"]
[EventDate "2009.03.14"]
[EventType "tourn (corr)"]
[EventRounds "6"]
[EventCountry "GER"]
[SourceTitle "Corr 2011"]
[Source "ChessBase"]
[SourceDate "2010.08.31"]
[SourceVersion "1"]
[SourceVersionDate "2010.08.31"]
[SourceQuality "1"]

1. e4 e5 2. Nc3 Nc6 3. Nf3 Nf6 4. Bb5 Bb4 5. 0-0 0-0 6. d3 Bxc3 7. bxc3 d6 8. h3 Ne7 9. Nh4 c6 10. Ba4 Be6 11. Bb3 Qa5 12. Bg5 Qxc3 13. Qf3 d5 14. Bxf6 gxf6 15. Qxf6 Ng6 16. exd5 cxd5 17. Bxd5 Rae8 18. Rae1 Nxh4 19. Qxh4 f6 20. Qg4+ Kf7 21. Bxe6+ Rxe6 22. Qf5 Rg8 23. Qxh7+ Rg7 24. Qh5+ Kg8 25. Re4 Qc6 26. Rfe1 b5 27. R1e2 Qd5 28. f4 Qxa2 29. fxe5 Qd5 30. c4 Qxd3 31. Qf5 1-0